Obecne partie w parlamencie - Statystyki

Ogólne statystyki
  • Ten quiz został rozwiązany 25 razy
    2 od ostatniego zresetowania
  • Średni wynik to 10 z 18
Statystyki odpowiedzi
nazwa partii % Poprawnych
Koalicja Obywatelska
100%
Konfederacja Korony Polskiej
100%
Nowa Lewica
100%
Nowa Nadzieja
100%
Partia Razem
100%
Polskie Stronnictwo Ludowe
100%
Prawo i Sprawiedliwość
100%
Ruch Narodowy
50%
Kukiz15
50%
Polska Partia Socjalistyczna
50%
Unia Pracy
50%
Zieloni
50%
Centrum dla Polski
0%
Federacja dla Rzeczypospolitej
0%
Partia Konserwatywna
0%
Polska 2050 Szymona Hołowni
0%
Unia Europejskich Demokratów
0%
Wolność i Dobrobyt
0%
Nie znaleziono quizów pasujących do podanych kryteriów
Rozkład punktacji
Procent ludzi z każdym wynikiem
Percentyl według liczby udzielonych odpowiedzi
Twoja historia wyników
Nie rozwiązałeś tego quizu od ostatniego zresetowania